000 00708cam a22001935a 4500
001 L150146
008 100608e2010 xxk 000 0 eng d
035 _a(Sirsi) u150146
041 0 _aeng
100 1 _aGardiner, Joey
245 0 0 _aCracking Brazil
260 _c2010
490 _aBuilding
_v275 (8632) 4 June 2010, 32-39(8)
520 _aAsks why more UK firms aren't working in Brazil as they are hosting the 2014 World Cup and the 2016 Olympics; opportunities, difficulties, bureaucracy; economy; map of Brazil showing the stadiums and progress to date; British firms already working there.
590 _aKA
651 4 _aBrazil
690 _aBUILT ENVIRONMENT-CONSTRUCTION MARKET
942 _n0
999 _c82411
_d82411